000 00578nam a2200181Ia 4500
008 100920s9999 xx 000 0 und d
082 _b106406
_a891.43 न 07
100 _aस्टोलबर्ग.
245 _aसजीव वस्तुएँ.
260 _bनवप्रभात साहित्य,दिल्ली.
_c2007
300 _a95
_bसाधी
365 _b100
520 _aहिंदी.
630 _aसजीव वस्तुएँ.
650 _aहिंदी.
730 _aसजीव वस्तुएँ.
942 _cBOOK
999 _c746837
_d746834